000 00476nam a2200193Ia 4500
003 GCL
008 140319s9999 xx 000 0 eng d
040 _aGCL /
_cGCL
082 0 4 _aCH
_b823.087
_bU M
100 1 _aURENA, BABEL
245 1 0 _aMY GIANT BOOK OF FAIRY TALES /
_cURENA, BABEL
700 1 _aIBANEZ
260 _a[S.N] :
_bPETER HODDOCK PUBLISHING
300 _a200 P
650 0 4 _aCHILDREN
650 0 4 _aENGLISH LANGUAGE
650 0 4 _aTALES
942 _2ddc
_cBK
999 _c17804
_d17804